Missing Word: Are You There? Quiz Stats

 Plays Quiz Updated Oct 27, 2016

Also try: Where Is The Love?
Challenge
Share
Tweet
Embed
Score 0/24 Timer 04:00
0 Plays Today
Hint Answer % Correct
I ___ Called To Say I Love YouJust
92.7%
Baby Don't Forget My ___Number
89.9%
Call ___Me
89%
Call Me ___Maybe
82%
Mr. Telephone ___Man
77%
___ Your Number?What's
76%
Standing Outside A Broken Phone Booth With Money In My ___Hand
75.1%
You ___ My Name (Look Up The Number)Know
73.8%
Rikki, Don't ___ That NumberLose
72.6%
The Telephone ___Call
63.1%
___ CallingLondon
59.2%
Party ___Line
58.9%
Hint Answer % Correct
Here's A ___ Call Someone Who CaresQuarter
58.1%
867-5309/___Jenny
54.3%
___ Up The PhonePick
46.9%
___ LineTelephone
42.7%
___ Me Thru The PhoneKiss
35.7%
Hotline ___Bling
34.9%
___ On The TelephoneLove
31.4%
Call Me (Come Back ___)Home
27.3%
842-3089 (Call My ___)Name
26.5%
___ The PhoneAnswer
19.7%
Hello ___Operator
11.3%
___ PhoneVideo
8.2%

Today's Daily Dose

You're not logged in!

Compare scores with friends on all Sporcle quizzes.
Join for Free
OR
Log In

You Might Also Like...

Show Comments

Extras

Top Quizzes Today


Score Distribution

Your Account Isn't Verified!

In order to create a playlist on Sporcle, you need to verify the email address you used during registration. Go to your Sporcle Settings to finish the process.

Report this User

Report this user for behavior that violates our Community Guidelines.

Details: